000 00740nas a2200253 4500
001 BR0901696
003 BR-BrBNA
005 20231205112624.0
007 ta
008 230509b bl.|||p| |||| 00| 00por d
040 _aBR-BrBNA
_bpor
_cBiblioteca Nacional de Agricultura
041 _a(Pt)
072 _aJ11
100 1 _aFonseca, J.R.
100 1 _aCastro, E. da M. de
245 1 _aMaturação pós-colheita de cultivares de arroz de terras altas
650 _aARROZ
650 _aPÓS-COLHEITA
650 _aVIDA-DE-PRATELEIRA
650 _aQUALIDADE
773 0 _tRevista Ceres (Brazil)
_xISSN 0034-737X
_g(Sep-Oct 2008), v. 55(5) p. 389-392
_wBR0901696
909 _a202311
_bLúcia
_c55
_dLúcia Elande
942 _2AGRIS
_n0
_cANA
999 _c199018
_d199018